Leadership theory and practice

Gespeichert in:
Bibliographische Detailangaben
1. Verfasser: Northouse, Peter G.
Format: Buch
Sprache:Englisch
Veröffentlicht: Los Angeles SAGE 2010
Ausgabe:5th ed.
Schlagworte:
Tags: Tag hinzufügen
Keine Tags, Fügen Sie das erste Tag hinzu!

MARC

LEADER 00000nam$a2200000$$$4500
001 0104390
005 20240306135806.0
020 |a 978-1-4129-7488-2 
041 0 |a eng 
044 |a US 
245 1 0 |a Leadership  |b theory and practice  |c Peter G. Northouse 
250 |a 5th ed. 
264 1 |a Los Angeles  |b SAGE  |c 2010 
300 |a 435 s. 
610 2 0 |a vodcovstvo 
610 2 0 |a osobnosť 
610 2 0 |a teória a prax 
610 2 0 |a manažment 
610 2 0 |a modely 
610 2 0 |a zručnosti 
610 2 0 |a štúdie prípadové 
610 2 0 |a ženy 
610 2 0 |a kultúra 
610 2 0 |a etika 
100 1 |a Northouse, Peter G.